Kulliyat-e-Aatish - کلیا ت ِ آتش (Record no. 535357)
[ view plain ]
| 000 -LEADER | |
|---|---|
| fixed length control field | 00351nam a22001337a 4500 |
| 020 ## - INTERNATIONAL STANDARD BOOK NUMBER | |
| International Standard Book Number | 969-35-1956-6 |
| 040 ## - CATALOGING SOURCE | |
| Transcribing agency | MSOHAIL |
| 082 ## - DEWEY DECIMAL CLASSIFICATION NUMBER | |
| Classification number | 891.4391 |
| Author Mark | ATI |
| 100 ## - MAIN ENTRY--PERSONAL NAME | |
| Personal name | Khwaja Hyder Ali Aatish |
| 9 (RLIN) | 29865 |
| 245 ## - TITLE STATEMENT | |
| Title | Kulliyat-e-Aatish - کلیا ت ِ آتش |
| 260 ## - PUBLICATION, DISTRIBUTION, ETC. | |
| Place of publication, distribution, etc. | Lahore |
| Name of publisher, distributor, etc. | Sang-e-Meel Publication |
| Date of publication, distribution, etc. | 2007 |
| 300 ## - PHYSICAL DESCRIPTION | |
| Extent | 432;pxv |
| 942 ## - ADDED ENTRY ELEMENTS (KOHA) | |
| Source of classification or shelving scheme | |
| Koha item type | Book |
| Withdrawn status | Lost status | Source of classification or shelving scheme | Damaged status | Not for loan | Permanent Location | Current Location | Date acquired | Total Checkouts | Full call number | Barcode | Date last seen | Price effective from | Koha item type |
|---|---|---|---|---|---|---|---|---|---|---|---|---|---|
| School of Civil and Environmental Engineering (SCEE) | School of Civil and Environmental Engineering (SCEE) | 09/04/2020 | 891.4391 ATI | NIT-13193 | 09/04/2020 | 09/04/2020 | Book |
